Sailor Moon Characters Map Quiz Stats

 Plays Quiz not verified by Sporcle

Support Sporcle.
Go Orange.
Score 0/10 Timer 06:00
0 Plays Today
% Correct
Sailor Moon
81.7%
Sailor Mars
76.8%
Sailor Venus
74.6%
Sailor Mercury
73.9%
Serena
45.1%
Amy
45.1%
Mina
45.1%
Lita
43%
Rei
37.3%
Sailor Jupter
16.9%

You're not logged in!

Compare scores with friends on all Sporcle quizzes.
OR
Log In

From the Vault

MLB: Most Career August HRs

by dabbas

These players hit the long ball in the month where it counted most.
Remove Ads.
Support Sporcle.
Get the best of Sporcle when you Go Orange. This ad-free experience offers more features, more stats, and more fun while also helping to support Sporcle. Thank you for becoming a member.

Show Comments

Extras

Created Nov 24, 2017ReportNominate
Tags:Character, map, Moon, sailor, Sailor Moon

Top Quizzes Today


Score Distribution

Your Account Isn't Verified!

In order to create a playlist on Sporcle, you need to verify the email address you used during registration. Go to your Sporcle Settings to finish the process.

Report this User

Report this user for behavior that violates our Community Guidelines.

Details: